Exposició Junyer-Vidal
Descripción Física:
fulletó : il·lustració en blanc i negre ; 13 x 17 cm
Materias:
Fons Joan Junyer i Pascual (1909-1994)
; Art -- Exposicions
; Art -- Catàlegs
; Galeries d'art -- Catàlegs
; Catàlegs d'exposicions
Idioma:
Catalán
MARC
| LEADER | 00000nam a2200000 a 4500 | ||
|---|---|---|---|
| 001 | 29148 | ||
| 003 | AGDB | ||
| 005 | 20260324181541.0 | ||
| 008 | 251219b spa||||| |||| 00| 0 cat d | ||
| 040 | |a agdb |b cat | ||
| 041 | |a cat | ||
| 245 | |a Exposició Junyer-Vidal | ||
| 260 | |a Barcelona : |b Imp. Elzeviriana, |c [s.a.] | ||
| 300 | |a fulletó : |b il·lustració en blanc i negre ; |c 13 x 17 cm | ||
| 500 | |a Prové del fons Joan Junyer i Pascual (1909-1994) | ||
| 500 | |a Catàleg de l'exposició celebrada a la Sala Parés, Barcelona (any desconegut) | ||
| 650 | |a Fons Joan Junyer i Pascual (1909-1994) |9 72777 | ||
| 650 | 0 | |a Art |x Exposicions |2 Arxiu |9 43798 | |
| 650 | 0 | |a Art |x Catàlegs |9 26592 | |
| 650 | 0 | |a Galeries d'art |x Catàlegs |9 72877 | |
| 655 | 0 | |a Catàlegs d'exposicions |9 69807 | |
| 710 | |a Sala Parés |9 72861 |e institució d'acollida | ||
| 942 | |2 udc |c ARXIU |n 1 | ||
| 952 | |0 0 |1 0 |2 udc |4 0 |6 F504240 |7 1 |9 98826 |a Arxiu |b Arxiu |d 2025-12-19 |l 0 |o F-504-240 |p 29148 |r 2025-12-19 12:01:36 |w 2025-12-19 |y ARXIU | ||
| 952 | |0 0 |1 0 |2 udc |4 0 |6 F504241 |7 1 |9 98827 |a Arxiu |b Arxiu |d 2025-12-19 |l 0 |o F-504-241 |p 29149 |r 2025-12-19 12:01:58 |w 2025-12-19 |y ARXIU | ||
| 999 | |c 130511 |d 130511 | ||